000 00881nas a2200325 4500
001 BR0105178
003 BR-BrBNA
005 20231205102520.0
007 ta
008 230509b bl.|||p| |||| 00| 00por d
040 _aBR-BrBNA
_bpor
_cBiblioteca Nacional de Agricultura
041 _a(Es)
072 _aH20
100 1 _aTruol, G.A.
100 1 _aUsugi, T.
100 1 _aHirao, J.
100 1 _aArneodo, J.D.
100 1 _aPecci, M.P.G.
100 1 _aLaguna, I.G.
245 1 _aTransmision experimental del virus del mal de Rio Cuarto
650 _aMilho
650 _aVirus
650 _aTransmissao de Doenca
650 _aInoculacao
650 _aInseto
650 _aVetor
773 0 _tFitopatologia Brasileira (Brazil)
_xISSN 0100-4158
_g(Mar 2001), v. 26(1) p. 39-44
_wBR0105178
909 _a202311
_bLúcia
_c55
_dLúcia Elande
942 _2AGRIS
_n0
_cANA
999 _c167963
_d167963